|
|
|
|
| LEADER |
00000nas a2200000 a 4500 |
| 001 |
ssj0000326 |
| 003 |
WaSeSS |
| 005 |
20200512172242.0 |
| 006 |
m d |
| 007 |
cr n |
| 008 |
840927d19841999ncumr p s 0 a0eng c |
| 010 |
|
|
|a 88641042
|z sn 84002051
|
| 016 |
7 |
|
|a 010520325
|2 DE-101
|
| 016 |
7 |
|
|a 58916-0
|2 DE-600
|
| 019 |
|
|
|a 926188797
|
| 022 |
|
|
|l 8750-3441
|y 8750-3441
|
| 030 |
|
|
|a OFSYEH
|
| 035 |
|
|
|a (WaSeSS)ssj0000326
|
| 037 |
|
|
|b Office Systems98, 2 Lakeview Dr., Ridgefield, CT 06877
|c $36.00
|
| 040 |
|
|
|a ECC
|b eng
|c ECC
|d NSD
|d NST
|d DLC
|d NST
|d DLC
|d CAS
|d NST
|d CAS
|d NST
|d IUL
|d WAU
|d NYG
|d WAU
|d HUL
|d NSD
|d NYG
|d CUI
|d OCLCQ
|d GBVCP
|d OCLCF
|d OCLCO
|d GILDS
|d OCLCO
|d OCLCQ
|d CPO
|d WaSeSS
|
| 042 |
|
|
|a nsdp
|a pcc
|
| 050 |
0 |
0 |
|a HF5548
|b .O523
|
| 050 |
1 |
4 |
|a QA76
|b .O334
|
| 082 |
0 |
0 |
|a 651.8/05
|2 19
|
| 130 |
0 |
|
|a Office systems (Georgetown, Conn.)
|
| 210 |
0 |
|
|a Off. syst.
|b (Georget. Conn.)
|
| 222 |
|
0 |
|a Office systems
|b (Georgetown, Conn.)
|
| 245 |
1 |
0 |
|a Office systems
|h [electronic resource] :
|b the magazine for small and medium offices.
|
| 260 |
|
|
|a [Georgetown, Conn.] :
|b [Office Systems Magazine],
|c [1984-1999.]
|
| 310 |
|
|
|a Monthly
|
| 362 |
0 |
|
|a Vol. 1, no. 1 (July-Aug. [1984])-v. 16, no. 12 (Dec. 1999).
|
| 500 |
|
|
|a Imprint varies: published in Georgetown, Conn. by Office Systems Magazine, 1984-19 ; in Mt. Airy, N.C. by Quality Publishing Inc., <Nov. 1998>-Dec. 1999.
|
| 500 |
|
|
|a Issues for <Nov. 1998>-Dec. 1999 say: OfficeSystems98-<99>, incorporating Managing office technology.
|
| 500 |
|
|
|a Title from cover.
|
| 506 |
|
|
|a License restrictions may limit access.
|
| 515 |
|
|
|a Issues for July-Aug. 1984-<Nov. 1998> include year designation in conjunction with title, e.g., Office systems 84-99.
|
| 650 |
|
0 |
|a Office equipment and supplies
|v Periodicals.
|
| 650 |
|
0 |
|a Electronic office machines
|v Periodicals.
|
| 650 |
|
7 |
|a Electronic office machines.
|2 fast
|0 (OCoLC)fst00907389
|
| 650 |
|
7 |
|a Office equipment and supplies.
|2 fast
|0 (OCoLC)fst01044109
|
| 655 |
|
0 |
|a Electronic journals.
|
| 780 |
0 |
5 |
|t Managing office technology
|g Nov. 1998
|x 1070-4051
|w (DLC) 93650365
|w (OCoLC)28270179
|
| 785 |
0 |
0 |
|t Office solutions
|x 1529-1804
|w (DLC) 00252060
|w (OCoLC)43334447
|
| 850 |
|
|
|a C
|a CU-I
|a DLC
|a ICarbS
|a InU
|a N
|a NN
|a P
|a PPiD
|a UPB
|
| 856 |
4 |
0 |
|z Full text available from Research Library: 01/01/1991 to 12/31/1999
|u https://search.proquest.com/publication/27472
|